00827nam a22002417a 450000500170000001000130001702000220003003500130005203700160006504000120008108200170009310000240011024500720013426000440020627000380025030000200028850000500030865000380035865000180039694200260041499900190044095201260045920170124105959.0 aA-996332 c00.00a8121206529 aA-996332 bCen Lib/Ret aDPLbEN a342.085bPUR aPurane, K. D915337 aUntouchability and the law :cby K. D. Puranebthe ground reality / aNew Delhi bGyan Publishing Housec2000 a5, Ansari RoadbNew Delhie110002 a276p.c22cm(Hb) aIncludes bibliographic references and index  aCaste--Law and legislation915338 aDalits915339 2ddccENh342.085mPUR c125736d125736 00104070aLbLd2015-06-23eCen Lib/Ret g0.00l0o342.085 PURpA-996332r2015-06-23 00:00:00t1v0.00w2015-06-23yEN